000 00775nam a2200241 a 4500
001 000035784
005 20200930074617.0
008 111110s2011 pr ac 000 0 spa d
020 _a9781935892083
040 _aDO-SdBNP
_bspa
_cBNPHU
082 _aPR864.44
_bR621v
100 1 _aRivera, Danny,
_d1945-
_957127
245 1 0 _aVejestud /
_cDanny Rivera.
260 _aPuerto Rico :
_bMakarios,
_c2011.
300 _a121 p. :
_bil., retrs. ;
_c22 cm.
500 _aIncluye datos biográficos del autor en la solapa.
650 4 _aEnsayos puertorriqueños
_98892
650 4 _aLiteratura puertorriqueña
_9250
650 4 _aAptitudes y edad
_940389
650 4 _aVejez
_xEnsayos, conferencias, etc.
_961727
910 _aValidado. Control de la calidad EMS.
049 _aBNPD
999 _c35275
_d35275